World History for Dummies #6 - Statistics

General Stats
  • This quiz has been taken 71 times
  • The average score is 11 of 15
Answer Stats
Hint Answer % Correct
World War II ended in which year? 1945
100%
Napoléon Bonaparte was emperor of which country? France
100%
Barack Obama became the leader of which country in 2008? United States
100%
Alexander Graham 'who' invented the telephone? Bell
89%
To which political party did Abraham Lincoln belong? Republican
84%
The Wall Street Crash occurred in what year? 1929
80%
The first woman launched into space was from which country? Russia
80%
Who was John F. Kennedy's vice-president? Lyndon B. Johnson
77%
Which company did Tim Cook become CEO of in 2011? Apple
74%
In which year did the American Civil War start? 1861
66%
Bill Clinton's vice-president was who? Al Gore
66%
Who was George Washington's vice-president? John Adams
61%
Which British king was buried at Windsor Castle in 1952? George VI
49%
In 1976 which leader of China died? Mao Zedong
44%
In 2005, which of these Popes died? John Paul II
36%
No matching quizzes found
Score Distribution
Percent of People with Each Score
Percentile by Number Answered
Your Score History
You have not taken this quiz